LDR 00875naa#a2200193#i#450# 001 EN\\bibl\120410 005 20260417220703.5 011 ## _a2782-4586 100 ## _a20260331b2026####ek#y0engy0150####ca 102 ## _aRU 200 1# _aQuantitative assessment of the economic feasibility of transforming the recruitment process using AI agents _eJournal article 210 1# _aMoscow _cITBO University _d2026 215 ## _a8 с. 608 ## _aJournal article _2local 675 ## _aРабота с кадрами. Обеспечение кадрами. Внутренний распорядок. Трудовая дисциплина. 331.108 _aНосители вводимых и выводимых данных. Запоминающие среды. 004.08 _z 700 #1 _aAbramov _gViktor Ivanovich 700 #1 _aMederov _gIslam Mederovich 700 #1 _aSemenov _gNikita Alekseevich 856 4# _ajomeam.ru _u